Statystyki dla Miasta Województwa Lubelskiego

Kliknij tutaj aby rozwiązać quiz!

Ogólne statystyki

  • Ten quiz został rozwiązany 99 razy
  • Średni wynik to 34 z 51

Statystyki odpowiedzi

Liczba
ludności
Nazwa% Poprawnych
330 447Lublin
100%
58 685Zamość
100%
57 576Chełm
96%
54 581Biała Podlaska
91%
44 171Puławy
91%
17 439Krasnystaw
87%
16 056Hrubieszów
86%
31 500Kraśnik
86%
36 806Świdnik
86%
12 219Włodawa
82%
24 932Biłgoraj
81%
17 791Łęczna
80%
19 879Lubartów
80%
27 303Łuków
80%
10 240Parczew
80%
11 000Janów Lubelski
78%
3 248Kazimierz Dolny
77%
9 060Ryki
77%
14 361Radzyń Podlaski
76%
17 940Tomaszów Lubelski
76%
14 217Dęblin
75%
7 918Opole Lubelskie
75%
2 316Annopol
65%
15 529Międzyrzec Podlaski
65%
3 614Nałęczów
65%
1 339Frampol
61%
2 799Zwierzyniec
61%
2 421Piaski
59%
5 139Terespol
59%
4 511Bychawa
58%
8 328Poniatowa
58%
2 335Józefów
57%
1 985Rejowiec
57%
4 760Szczebrzeszyn
57%
2 898Kock
56%
892Goraj
53%
2 981Krasnobród
53%
1 414Modliborzyce
53%
4 016Rejowiec Fabryczny
53%
5 973Bełżyce
52%
1 972Ostrów Lubelski
51%
2 373Stoczek Łukowski
51%
1 698Urzędów
51%
1 701Izbica
47%
812Józefów nad Wisłą
47%
3 150Tarnogród
46%
1 842Tyszowce
44%
1 718Kamionka
43%
1 338Siedliszcze
43%
2 155Lubycza Królewska
41%
1 967Łaszczów
32%

Rozkład punktacji

Percentyl według liczby udzielonych odpowiedzi

Procent ludzi z każdym wynikiem

Twoja historia wyników

Nie rozwiązałeś tego quizu